Koridory prosperity
Realizácia projektov dopravnej infraštruktúry. Špecifickosť koridoru rieky Dunaj. Možnosti zvýšenia splavnosti rieky Dunaj. Medzinárodné peňažné inštitúcie, programy PHARE a TACIS ako hlavní investori do dopravnej infraštruktúry.
Guardado en:
| Autor principal: | |
|---|---|
| Formato: | Capítulo de libro |
| Lenguaje: | eslovaco |
| Materias: | |
| Etiquetas: |
Sin Etiquetas, Sea el primero en etiquetar este registro!
|
MARC
| LEADER | 00000naa a2200000 4500 | ||
|---|---|---|---|
| 001 | r032669 | ||
| 005 | 20251104124701.4 | ||
| 041 | 0 | |a slo | |
| 044 | |a SK | ||
| 245 | 1 | 0 | |a Koridory prosperity |c Gejza Pinter |
| 520 | |a Realizácia projektov dopravnej infraštruktúry. Špecifickosť koridoru rieky Dunaj. Možnosti zvýšenia splavnosti rieky Dunaj. Medzinárodné peňažné inštitúcie, programy PHARE a TACIS ako hlavní investori do dopravnej infraštruktúry. | ||
| 610 | 2 | 0 | |a trate železničné |
| 610 | 2 | 0 | |a siete dopravné |
| 610 | 2 | 0 | |a siete cestné |
| 610 | 2 | 0 | |a investície rozvojové |
| 610 | 2 | 0 | |a prostredie životné |
| 610 | 2 | 0 | |a Slovensko |
| 610 | 2 | 0 | |a Dunaj |
| 100 | 1 | |a Pinter, Gejza | |